| 000 | 00350 a2200157 4500 | ||
|---|---|---|---|
| 001 | 75509 | ||
| 020 | _a859855325-2 | ||
| 040 | _cAnchieta - Colégio São Paulo | ||
| 100 | _aCedraz, Antônio Luiz Ramos | ||
| 240 | 1 | 0 |
_aXaxado ano 3 _lpor |
| 245 | 1 | 0 | _aXaxado ano 3 |
| 300 | _a100 | ||
| 362 | 0 | _a2008 | |
| 650 | 4 | _aLiteratura juvenil | |
| 942 | _cBK | ||
| 999 |
_c75509 _d75509 |
||